00510nam a2200193 a 4500001001300000003000900013005001700022008004100039020000800080082001500088100001800103245003700121260003800158300000800196500003500204505002400239650003500263700001800298nice12345678IN_TiNIC20260116013714.0050524s0000 luca grp 000 0 hin  ac700a294.5bPUR aPurushottam,  aAntim Hindu, Ek Gambhir Chetauni aLucknowbKalpataru Printersc0000 a32p aincludes index and biblioraphy2 aIndex, Bibliography aReligious Fundamentalism-Hindu1 aPurushottam,